Top 25 College Football teams in the Pre-BCS Era - Statistics

General Stats
  • This quiz has been taken 21 times
  • The average score is 21 of 25
Answer Stats
Win % Team % Correct
75.8 Alabama
100%
69.2 Florida
100%
80.8 Florida State
100%
68.9 Georgia
100%
75.8 Michigan
100%
85.2 Nebraska
100%
69.2 Notre Dame
100%
73.1 Ohio State
100%
63.4 Texas
100%
70.0 Oklahoma
94%
68.1 Texas A&M
94%
72.0 Clemson
89%
78.3 Miami
89%
70.6 Tennessee
89%
66.8 USC
89%
72.2 Washington
89%
65.9 UCLA
83%
62.3 Arizona State
78%
61.8 North Carolina
78%
77.6 Penn State
78%
71.4 Auburn
72%
75.3 BYU
72%
61.6 Syracuse
72%
61.6 Fresno State
17%
61.4 Central Michigan
11%
No matching quizzes found
Score Distribution
Percent of People with Each Score
Percentile by Number Answered
Your Score History
You have not taken this quiz